000 00753nam a2200265Ia 4500
003 OSt
005 20221006160226.0
006 a|||||r|||| 00| 0
007 ta
008 221006b |||||||| |||| 00| 0 eng d
020 _a9781555953645
_c
_50.00
024 _a44,665
037 _bGift, Window on Korea
_cTextual
040 _aEASL
_cEASL
_beng
041 _2eng
_aeng
082 _aN4950t42, Q1
100 _aSun Seunghye
_9672512
245 0 _aLure of painted Poetry
_b Japanese nad Korean art
260 _aManchester
_bHudson Hills Press Korea
_c2011
300 _a120p.
_ccm.
490 _v KEL
650 _aKEL
942 _hN4950t42, Q1
_cTEXL
_2CC
999 _c1112757
_d1112757